00396 2200145 4500245007500000250001000075100002300085650002300108005001900131260004100150041001400191084001200205300002400217336000900241 aBelajar pemograman python untuk Guru & MuridcJubilee EnterprisehText acet.1 aJubilee Enterprise aPemrograman Python a20241007110008 aJakartabElex Media Komputindoc2022 aIndonesia a005.133 axii,192 hlm :cilus atext